000 02202pam a2200493 a 4500
001 sjds232325
003 sjds
005 20171017144649.0
008 010919t20022002txua b 000 0beng
010 _a 2001051372
020 _a1558853243
020 _a9781558853249
035 _a(OCoLC)48083852
040 _aDLC
_cDLC
_dDLC
_dUtOrBLW
041 0 _aeng
_aspa
049 _aIFAB
099 _a92 CHAVEZ
999 _c18962
_d18962
999 _b92 CHAVEZ
100 1 _aGriswold del Castillo, Richard.
245 1 0 _aCesar Chavez :
_bla lucha por la justicia /
_cby Richard Griswold del Castillo ; Spanish translation by Jose Juan Colin ; illustrations by Anthony Accardo = Cesar Chavez : la lucha por la justicia / por Richard Griswold del Castillo ; traduccion al español por Jose Juan Colin ; illustraciones de Anthony Accardo.
246 3 1 _aCesar Chavez :
_bthe struggle for justice
260 _aHouston, Tex :
_bPiñata Books,
_cc2002
264 1 _aHouston, Tex :
_bPiñata Books,
_c[2002]
264 4 _cc2002
300 _a1 volume (unpaged) :
_bcolor illustrations ;
_c29 cm.
336 _atext
_btxt
_2rdacontent
337 _aunmediated
_bn
_2rdamedia
338 _avolume
_bnc
_2rdacarrier
490 1 _aHispanic civil rights series
526 0 _aAccelerated Reader
_bMG
_c5.1
_d0.5
_z61712SP
600 1 0 _aChavez, Cesar,
_d1927-1993
_vJuvenile literature.
600 1 7 _aChávez, César,
_d1927-
_vLiteratura juvenil.
_2bidex
610 2 0 _aUnited Farm Workers
_xHistory
_vJuvenile literature.
610 2 7 _aUnión de Trabajadores Agrícolas
_xHistoria
_vLiteratura juvenil.
_2bidex
650 0 _aMexican American migrant agricultural laborers
_vBiography
_vJuvenile literature.
650 0 _aMexican Americans
_vBiography
_vJuvenile literature.
650 0 _aSpanish language materials
_xBilingual
_vJuvenile literature.
650 7 _aTrabajadores migratorios agrícolas
_vSindicatos
_zEstados Unidos
_xHistoria
_vLiteratura juvenil.
_2bidex
650 7 _aMexicano-americanos
_vBiografía
_vLiteratura juvenil.
_2bidex
650 7 _aMateriales bilingües en español
_vLiteratura juvenil.
_2bidex
700 1 _aAccardo, Anthony,
_eillustrator.
830 0 _aHispanic civil rights series.
942 _cBK
_2ddc